| 000 | 01336cam a2200289 4500 | ||
|---|---|---|---|
| 001 | ##L135430 | ||
| 008 | 061026n2006 000 0 eng u | ||
| 035 | _a(Sirsi) u135430 | ||
| 041 | 0 | _aeng | |
| 050 | 0 | 4 | _a306.11 $2 18 |
| 110 | 1 |
_aUnited Kingdom _bDepartment for Communities and Local Government _94939 |
|
| 245 | 0 | 0 | _aMonitoring the longer-term impact of choice based lettings |
| 260 |
_aLondon _bDCLG _c2006 |
||
| 520 | _aDCLG's Choice-based Lettings (CBL) programme was introduced as a pilot scheme in 2001. CBL systems are intended to open up the letting of social housing by allowing housing applicants to view details on, choose between and bid for currently available-to-let properties. The report presents findings from two research studies commissioned by ODPM in 2004, focusing on the longer-term impact of CBL. | ||
| 590 | _aIKA311006 | ||
| 651 | 4 |
_aEngland _y886- |
|
| 651 | 4 |
_aScotland _y1999- |
|
| 690 | _aPROPERTY-RESIDENTIAL PROPERTY-RESIDENTIAL PROPERTY TENURE-LEASEHOLD RESIDENTIAL PROPERTY | ||
| 700 | 1 | _aPawson, Hal | |
| 700 | 1 | _aFancy, Cathie | |
| 700 | 1 | _aClegg, Sue | |
| 700 | 1 | _aThomas, Andrew | |
| 700 | 1 | _aNetto, Gina | |
| 700 | 1 | _aJones, Colin | |
| 856 | 4 | 0 |
_uhttps://www.communities.gov.uk/index.asp?id=1503598 _zView the report free of charge at www.communities.gov.uk... |
| 942 | _n0 | ||
| 999 |
_c106057 _d106057 |
||